000 00894nam a22002417a 4500
005 20131219122639.0
008 131126b xxu||||| |||| 00| 0 eng d
010 _aPUN-7763
020 _c175.00
_a9789350174401xx
035 _aPN-6881
037 _bDBAD / PUB
037 _bUnistar Books
040 _adpl
_bpn
082 _a851.08
100 _aਭਲਿੰਦਰ ਸਿੰਘ
245 _aਸੂਫ਼ੀਵਾਦ ਅਤੇ ਪੰਜਾਬੀ ਸੂਫ਼ੀ ਕਾਵਿ ਪ੍ਰਵਚਨ /
_cਭਲਿੰਦਰ ਸਿੰਘ
246 _aSufivad ate punjabi sufikaav-parvachan
_bby Bhalinder Singh
260 _aChandigarh
_bUnistar Books
_c2011
270 _bChandigarh
_asco-26-27, sector-34 A
_k0172-5077427- 9815471219
_e160022
300 4 _a144p.
_c22ਸੇਂਮੀ (ਸਜਿਲੱਦ)
942 _2ddc
_cPN
_h851.08
_mਭਲਿੰਦ
999 _c81301
_d81301